| 000 | 00531cam a22001932 4500 | ||
|---|---|---|---|
| 001 | 0000001426 | ||
| 005 | 20151217155809.0 | ||
| 008 | 070309s xx 000 0 eng d | ||
| 040 |
_aKABU _cKABU |
||
| 050 | 0 |
_aGR356.42 _b.K53G43 |
|
| 100 | 1 |
_aGecau, Rose. _@0000150162 |
|
| 245 | 1 | 0 | _aKikuyu folktales. |
| 260 |
_aNairobi : _bEALB, _c1970. |
||
| 300 | _a131 p. | ||
| 600 | 1 | 0 |
_aKikuyu (African people) _xFolklore. _@0000149171 |
| 908 | _a070309 | ||
| 950 | _@1 | ||
| 999 |
_c12537 _d12537 |
||